00337nam a2200133 a 45000010010000000030011000100080041000210350026000620820012000881000018001002450025001182600046001436500014001890000-8868ELIB.Books110520 1972  a(ELIB.Books)0000-9014 aB bWat aWaters, Ethel aTo Me It's Wonderful bLondon: Happer and Row, Publishers c1972 aBiography